| 000 | 01344nam0a2200373 4500 | ||
|---|---|---|---|
| 001 | RU\NLR\bibl\260329 | ||
| 005 | 20250620125812.0 | ||
| 010 |
_a5-87953-159-7 _93500 |
||
| 021 |
_aRU _b2001-59780 _92915 |
||
| 035 | _a(NLR Aleph) 000255997 | ||
| 090 |
_a1494583 _c1494583 |
||
| 100 | _a20020419d2002 |||y0rusy50 ca | ||
| 101 | 0 | _arus | |
| 102 | _aRU | ||
| 105 | _ay ||||||||| | ||
| 200 | 1 |
_aСоциально-педагогическая поддержка детства _eМуницип. система _fЛ. Я. Олиференко |
|
| 210 |
_aМ. _cНар. образование _d2002 |
||
| 215 |
_a110, [2] с. _d20 |
||
| 225 | 1 | _aПрофессиональная библиотека школьного администратора | |
| 320 | _aБиблиогр.: с. 108-111 | ||
| 606 | 0 |
_aДети _xОхрана _yРоссийская Федерация _92079030 _3RU\NLR\auth\661254900 |
|
| 610 | 0 | _aСоциальная педагогика | |
| 675 |
_a37.013.42 _v3 _zrus |
||
| 686 |
_a14 _2rugasnti |
||
| 686 |
_a74.03 _2rubbk |
||
| 686 | _aЧ34(2Р)46 | ||
| 700 | 1 |
_aОлиференко _bЛ. Я. _gЛюдмила Яковлевна _4070 |
|
| 801 | 0 |
_aRU _bRKP _c20020419 _gPSBO |
|
| 801 | 1 |
_aRU _bRKP _c20020419 |
|
| 801 | 2 |
_aRU _bNLR _c20020827 _grcr |
|
| 942 | _cBOOK | ||
| 980 | _aNB | ||